Surgery & surgical nursing: comprehensive, concise & standardized. / (Record no. 7115)
[ view plain ]
| 000 -LEADER | |
|---|---|
| fixed length control field | 00894nam a22001817a 4500 |
| 008 - FIXED-LENGTH DATA ELEMENTS--GENERAL INFORMATION | |
| fixed length control field | 200225b xxu||||| |||| 00| 0 eng d |
| 020 ## - INTERNATIONAL STANDARD BOOK NUMBER | |
| International Standard Book Number | 9789988107080 |
| 050 ## - LIBRARY OF CONGRESS CALL NUMBER | |
| Classification number | RD99.A3.B662 |
| 100 ## - MAIN ENTRY--PERSONAL NAME | |
| Personal name | Boakye, Richard Yiadom |
| 245 ## - TITLE STATEMENT | |
| Title | Surgery & surgical nursing: comprehensive, concise & standardized. / |
| Statement of responsibility, etc. | Richard Boakye Yiadom |
| 250 ## - EDITION STATEMENT | |
| Edition statement | 2nd. ed. |
| 260 ## - PUBLICATION, DISTRIBUTION, ETC. | |
| Place of publication, distribution, etc. | Accra: |
| Name of publisher, distributor, etc. | Richard Boakye Yiadom, |
| Date of publication, distribution, etc. | 2007. |
| 300 ## - PHYSICAL DESCRIPTION | |
| Extent | xiii, 445p.: |
| Other physical details | ill.: |
| 500 ## - GENERAL NOTE | |
| General note | Content: Chapter1 Theatre nursing Chapter 2 Wounds and inflammation: inflammatory and healing Chapter 3 Cancer nursing (neoplasm) Chapter4 Gynaecological disorders Chapter 5 Breast conditions Chapter6 Infertility Chapter 7 Common operative procedures Chapter 8 Gastro-intestinal disorders Chapter 9 Disease of the oesophagus Chapter 10 Cancer of the pancrease |
| 690 ## - LOCAL SUBJECT ADDED ENTRY--TOPICAL TERM (OCLC, RLIN) | |
| Topical term or geographic name as entry element | Surgery |
| 690 ## - LOCAL SUBJECT ADDED ENTRY--TOPICAL TERM (OCLC, RLIN) | |
| Topical term or geographic name as entry element | Surgical nursing |
| 942 ## - ADDED ENTRY ELEMENTS (KOHA) | |
| Source of classification or shelving scheme | Library of Congress Classification |
| Koha item type | Books |
| Withdrawn status | Lost status | Source of classification or shelving scheme | Damaged status | Not for loan | Home library | Current library | Shelving location | Date acquired | Full call number | Barcode | Date last seen | Price effective from | Koha item type |
|---|---|---|---|---|---|---|---|---|---|---|---|---|---|
| Library of Congress Classification | WISCONSIN INTERNATIONAL UNIVERSITY COLLEGE, GHANA KUMASI LIBRARY | WISCONSIN INTERNATIONAL UNIVERSITY COLLEGE, GHANA KUMASI LIBRARY | nursing | 04/07/2019 | RD99.A3.B662(2e) | KSN/295/19 | 25/02/2020 | 04/07/2019 | Books | ||||
| Library of Congress Classification | WISCONSIN INTERNATIONAL UNIVERSITY COLLEGE, GHANA KUMASI LIBRARY | WISCONSIN INTERNATIONAL UNIVERSITY COLLEGE, GHANA KUMASI LIBRARY | nursing | 04/07/2019 | RD99.A3.B6621(2e) | KSN/296/19 | 25/02/2020 | 04/07/2019 | Books | ||||
| Library of Congress Classification | WISCONSIN INTERNATIONAL UNIVERSITY COLLEGE, GHANA KUMASI LIBRARY | WISCONSIN INTERNATIONAL UNIVERSITY COLLEGE, GHANA KUMASI LIBRARY | nursing | 04/07/2019 | RD99.A3.B6622(2e) | KSN/297/19 | 25/02/2020 | 04/07/2019 | Books |
